000 00282nam a22001337a 4500
008 170225b xxu||||| |||| 00| 0 eng d
020 _a55758
041 _aeng
080 _a61
100 _a5
101 _aSHK
245 _aPRINCIPLES OF SURGERY
_cSCHWARTZ, S.I
942 _2udc
_cBK
999 _c6252
_d6252